[Event "Kaupthing op-B 1st"]
[Site "Differdange"]
[Date "2007.07.08"]
[Round "1"]
[White "Geschwindt, Gilbert"]
[Black "Baillard, Marc"]
[Result "1/2-1/2"]
[WhiteElo "1649"]
[BlackElo "2001"]
[PlyCount "150"]
[EventDate "2007.07.08"]
[EventType "swiss"]
[EventRounds "9"]
[EventCountry "LUX"]
[SourceTitle "EXT 2008"]
[Source "ChessBase"]
[SourceDate "2007.11.25"]
[SourceVersion "1"]
[SourceVersionDate "2007.11.25"]
[SourceQuality "1"]

1. e4 c5 2. Nf3 d6 3. d4 cxd4 4. Nxd4 Nf6 5. Nc3 a6 6. g3 b5 7. Bg2 Bb7 8. Nde2 e6 9. a3 Be7 10. 0-0 Nbd7 11. Bg5 Qc7 12. Re1 Rc8 13. Rc1 h6 14. Bf4 Nc5 15. f3 Ncd7 16. Be3 Ne5 17. Bd4 Nc4 18. Nb1 d5 19. exd5 Bxd5 20. Nf4 Rd8 21. b3 Nb6 22. Bxf6 Bxf6 23. Nxd5 Nxd5 24. Qe2 Nc3 25. Nxc3 Bxc3 26. Red1 0-0 27. a4 Qb6+ 28. Kh1 Rc8 29. axb5 axb5 30. Rd7 Rfd8 31. Rcd1 Rxd7 32. Rxd7 b4 33. Bf1 Qc6 34. Qd1 Bf6 35. Bc4 Ra8 36. Kg2 Qc5 37. Qe2 Ra1 38. Rd1 Ra2 39. Qe4 Qe7 40. Bd3 g6 41. Qc6 Ra7 42. Re1 Rc7 43. Qa8+ Kg7 44. Qe4 h5 45. Bc4 Rc5 46. Qd3 h4 47. Rd1 Qc7 48. Qd7 Qe5 49. Qd6 Qf5 50. Rd2 h3+ 51. Kf2 Bc3 52. Re2 Re5 53. Rxe5 Bxe5 54. Qd3 Qf6 55. Qe4 Bd4+ 56. Kf1 Bc5 57. f4 Qa1+ 58. Qe1 Qd4 59. Qe5+ Qxe5 60. fxe5 Bd4 61. Ke2 Bxe5 62. Kf3 Kh6 63. Bf1 Kg5 64. Bxh3 f5 65. Kg2 Bd4 66. Kf3 e5 67. Bf1 e4+ 68. Kg2 f4 69. gxf4+ Kxf4 70. Bc4 g5 71. Kf1 Ke3 72. Ke1 Bc3+ 73. Kd1 Kf2 74. h3 Ke3 75. Be6 Kf2 1/2-1/2

[Event "LUX-chABC"]
[Site "Dudelange"]
[Date "1998.04.12"]
[Round "2.19"]
[White "Geschwindt, Gilbert"]
[Black "Bishop, Peter"]
[Result "1-0"]
[WhiteElo "1845"]
[BlackElo "1870"]
[PlyCount "103"]
[EventDate "1998.04.11"]
[EventType "swiss"]
[EventRounds "9"]
[EventCountry "LUX"]
[SourceTitle "EXT 2013"]
[Source "ChessBase"]
[SourceDate "2012.11.22"]
[SourceVersion "1"]
[SourceVersionDate "2012.11.22"]
[SourceQuality "1"]

1. e4 e6 2. d4 d5 3. e5 c5 4. c3 Nc6 5. Nf3 a6 6. Bd3 Bd7 7. 0-0 c4 8. Bc2 Be7 9. Nbd2 b5 10. a3 Qb6 11. Re1 g5 12. Nf1 g4 13. N3d2 h5 14. Ng3 h4 15. Ne2 g3 16. hxg3 hxg3 17. Nxg3 Bh4 18. Qg4 Bxg3 19. Qxg3 Nge7 20. Nf3 0-0-0 21. Bg5 Rdg8 22. Qf4 Be8 23. Kf1 Rh5 24. Ke2 a5 25. Rh1 Rgh8 26. Rxh5 Rxh5 27. Qg4 Rh8 28. Bf6 Rg8 29. Qh4 Kd7 30. g3 Ng6 31. Qh7 Nge7 32. Rd1 Kc8 33. Ng5 Rxg5 34. Bxg5 b4 35. axb4 axb4 36. Bxe7 Nxe7 37. Qh6 b3 38. Bh7 Qa7 39. Qf8 Kd7 40. Qh6 Nc6 41. Qc1 Kc8 42. Qa1 Qb7 43. Qa3 f5 44. Bg8 Bh5+ 45. f3 Bf7 46. Bxf7 Qxf7 47. Qa8+ Nb8 48. Rh1 Qg7 49. Kf2 Qg8 50. Qa7 Nd7 51. Qa6+ Kc7 52. Qd6+ 1-0

[Event "LUX-chABC"]
[Site "Dudelange"]
[Date "1998.04.11"]
[Round "1.31"]
[White "Wilhelm, Marc"]
[Black "Geschwindt, Gilbert"]
[Result "1/2-1/2"]
[WhiteElo "1455"]
[BlackElo "1845"]
[PlyCount "75"]
[EventDate "1998.04.11"]
[EventType "swiss"]
[EventRounds "9"]
[EventCountry "LUX"]
[SourceTitle "EXT 2013"]
[Source "ChessBase"]
[SourceDate "2012.11.22"]
[SourceVersion "1"]
[SourceVersionDate "2012.11.22"]
[SourceQuality "1"]

1. e4 d5 2. exd5 Nf6 3. d4 Qxd5 4. Nc3 Qa5 5. Nf3 Bf5 6. Bd2 c6 7. Ne4 Qc7 8. Ng3 Bg6 9. Ne5 Nbd7 10. Nxg6 hxg6 11. Bd3 e5 12. Qe2 0-0-0 13. dxe5 Nxe5 14. 0-0-0 Nxd3+ 15. cxd3 Bc5 16. Bc3 Rhe8 17. Qc2 Bb6 18. Rhe1 Qf4+ 19. Kb1 Qxf2 20. Ne4 Nxe4 21. dxe4 Qxc2+ 22. Kxc2 f6 23. e5 Rxd1 24. Kxd1 Bd8 25. exf6 Rxe1+ 26. Bxe1 gxf6 27. Bf2 f5 28. Ke2 b6 29. Kd3 Kd7 30. Bd4 g5 31. h3 Ke6 32. g4 f4 33. Ke4 Bf6 34. Bxf6 Kxf6 35. h4 f3 36. hxg5+ Kxg5 37. Kxf3 a5 38. Ke4 1/2-1/2